Малый атлас мира

Dades bibliogràfiques
Altres autors: Терехов Н. М. (редактор)
Idioma:rus
Publicat: Москва, Изд-во ГУГК, 1979
Matèries:
Format: Mapa
KOHA link:https://koha.lib.tpu.ru/cgi-bin/koha/opac-detail.pl?biblionumber=42004

MARC

LEADER 00000nem0a2200000 4500
001 42004
005 20231031014803.0
035 |a (RuTPU)RU\TPU\book\43148 
090 |a 42004 
100 |a 20020705d1979 km y0rusy50 ca 
101 0 |a rus 
102 |a RU 
105 |a ab z 001zy 
200 1 |a Малый атлас мира  |f Ст. ред. Н. М. Терехов 
210 |a Москва  |c Изд-во ГУГК  |d 1979 
215 |a 320 с.  |c ил. 
320 |a Указ. геогр. назв.: с. 28-147 
610 1 |a география 
610 1 |a атласы 
675 |a 912  |v 3 
702 1 |a Терехов  |b Н. М.  |4 340 
801 1 |a RU  |b 63413507  |c 20020705  |g PSBO 
801 2 |a RU  |b 63413507  |c 20090806  |g PSBO 
942 |c MP